Statistics for Wake Up Little Susie Song Lyric Quiz

Click here to take the quiz!

General Stats

  • This quiz has been taken 14 times
  • The average score is 132 of 186

Answer Stats

Answer% Correct
I
100%
Little
100%
Susie
100%
up
100%
Wake
100%
wake
100%
a
92%
It
92%
The
92%
We
92%
we
92%
and
77%
be
77%
go
77%
home
69%
our
69%
Our
69%
by
62%
gotta
62%
is
62%
so
62%
weep
62%
when
62%
your
62%
asleep
54%
have
54%
in
54%
It's
54%
La
54%
say
54%
ten
54%
they
54%
again
46%
been
46%
both
46%
fell
46%
four
46%
hot
46%
mama
46%
movie
46%
o'clock
46%
Oh
46%
pa
46%
sound
46%
that
46%
wasn't
46%
we're
46%
Whatta
46%
Baby
38%
deep
38%
didn't
38%
gonna
38%
looks
38%
much
38%
of
38%
plot
38%
tell
38%
told
38%
trouble
38%
We've
38%
cooked
31%
friends
31%
goofed
31%
goose
31%
like
31%
reputation
31%
Well
31%
you'd
31%
shot
23%
Litte
8%
over
8%
movie's
0%

Score Distribution

Percentile by Number Answered

Percent of People with Each Score

Your Score History

You have not taken this quiz